河南省市辖区 - Statistics

General Stats
  • This quiz has been taken 21 times
  • The average score is 35 of 54
Answers on the Map
Answers color-coded by a green-red scale on the quiz's map according to % correct below.
 
Answer Stats
Answer % Correct
二七区
100%
管城回族区
100%
金水区
92%
上街区
92%
瀍河回族区
92%
魏都区
92%
中原区
83%
惠济区
83%
顺河回族区
83%
洛龙区
83%
偃师区
83%
殷都区
83%
鹤山区
83%
解放区
83%
西工区
75%
涧西区
75%
山城区
75%
淇滨区
75%
红旗区
75%
陕州区
75%
卧龙区
75%
祥符区
67%
老城区
67%
孟津区
67%
文峰区
67%
建安区
67%
宛城区
67%
鼓楼区
58%
禹王台区
58%
龙安区
58%
中站区
58%
山阳区
58%
华龙区
58%
郾城区
58%
召陵区
58%
湖滨区
58%
浉河区
58%
驿城区
58%
石龙区
50%
北关区
50%
马村区
50%
源汇区
50%
梁园区
50%
睢阳区
50%
川汇区
50%
淮阳区
50%
龙亭区
42%
新华区
42%
卫东区
42%
湛河区
42%
卫滨区
42%
平桥区
42%
凤泉区
33%
牧野区
33%
No matching quizzes found
Score Distribution
Percent of People with Each Score
Percentile by Number Answered
Your Score History
You have not taken this quiz